| 000 | 00711nam a2200265Ia 4500 | ||
|---|---|---|---|
| 003 | OSt | ||
| 005 | 20221006145328.0 | ||
| 006 | a|||||r|||| 00| 0 | ||
| 007 | ta | ||
| 008 | 221006b |||||||| |||| 00| 0 eng d | ||
| 020 |
_a0804726673 _c653.00 |
||
| 024 | _a14,471 | ||
| 037 | _cTextual | ||
| 040 |
_aEASL _cEASL _beng |
||
| 041 |
_2eng _aeng |
||
| 082 | _aO41vD8, 111N6 | ||
| 100 | _aOWEN Stephen | ||
| 245 | 0 | _aEnd of the Chinese 'middle ages' | |
| 260 |
_aStanford _bStanford University Press _c1996 |
||
| 300 |
_a209p. _ccm. |
||
| 650 | _a CEL | ||
| 650 |
_aChina-intellectual life _9582547 |
||
| 942 |
_hO41vD8, 111N6 _cTEXL _2CC |
||
| 999 |
_c1082557 _d1082557 |
||